In the Night Garden - Statistics

General Stats
  • This quiz has been taken 63 times
  • The average score is 5 of 9
Answer Stats
Picture Answer % Correct
Makka Pakka
97%
Iggle Piggle
94%
Upsy Daisy
89%
Ninky Nonk
69%
Tombliboos
51%
Pontipines
43%
Haahoos
34%
Wottingers
31%
Plinky Plonk
11%
No matching quizzes found
Score Distribution
Percent of People with Each Score
Percentile by Number Answered
Your Score History
You have not taken this quiz